| 000 | 00496nam a22001697a 4500 | ||
|---|---|---|---|
| 003 | PILC | ||
| 005 | 20150112093446.0 | ||
| 008 | 131009t xxu||||| |||| 00| 0 eng d | ||
| 020 | _a0198612982 | ||
| 050 |
_aPE 3601 _b.L778 1996 |
||
| 082 |
_aR 432.21 _bL72 1994 c.1 |
||
| 110 |
_aClarendon Press Oxford _927047 |
||
| 245 |
_aThe little oxford dictionary : _cof current English / |
||
| 260 |
_aOxford New York _bOxford University Press _c1996. |
||
| 300 |
_a541 pages : _c12 cm. |
||
| 942 |
_2lcc _cBK |
||
| 999 |
_c14926 _d14926 |
||